[Event "Voronezh op-B 14th"]
[Site "Voronezh"]
[Date "2010.06.13"]
[Round "2"]
[White "Mokshin, Sergey"]
[Black "Kubatko, Ivan"]
[Result "1/2-1/2"]
[WhiteElo "1706"]
[BlackElo "2122"]
[PlyCount "55"]
[EventDate "2010.06.12"]
[EventType "swiss"]
[EventRounds "9"]
[EventCountry "RUS"]
[SourceTitle "CBM 137 Extra"]
[Source "ChessBase"]
[SourceDate "2010.09.01"]
[SourceVersion "1"]
[SourceVersionDate "2010.09.01"]
[SourceQuality "1"]

1. e4 d5 2. exd5 Qxd5 3. Nc3 Qa5 4. d4 Nf6 5. Nf3 Bg4 6. Be2 Nc6 7. Bd2 0-0-0 8. Ne4 Qd5 9. Nxf6 exf6 10. c3 Bd6 11. Qb3 Qe4 12. Be3 f5 13. 0-0-0 f4 14. Bd3 Qe7 15. Bd2 g5 16. Rhe1 Qf6 17. Be4 Bd7 18. c4 g4 19. Ne5 Bxe5 20. dxe5 Qh6 21. Kb1 Rhe8 22. Bc3 Qh5 23. Rd5 Bf5 24. Qc2 Bxe4 25. Qxe4 f3 26. gxf3 gxf3 27. e6 Qxh2 28. e7 1/2-1/2

[Event "Voronezh op-B 13th"]
[Site "Voronezh"]
[Date "2009.06.17"]
[Round "6"]
[White "Koshelev, Vladimir"]
[Black "Mokshin, Sergey"]
[Result "1-0"]
[WhiteElo "1975"]
[BlackElo "1706"]
[PlyCount "101"]
[EventDate "2009.06.12"]
[EventType "swiss"]
[EventRounds "9"]
[EventCountry "RUS"]
[SourceTitle "CBM 130 Extra"]
[Source "ChessBase"]
[SourceDate "2009.07.02"]
[SourceVersion "2"]
[SourceVersionDate "2009.07.15"]
[SourceQuality "1"]

1. c3 Nf6 2. f4 g6 3. Nf3 d6 4. g3 Bg7 5. Bg2 0-0 6. d3 c6 7. e4 Bg4 8. Qc2 Bxf3 9. Bxf3 Nbd7 10. Be3 e5 11. Nd2 d5 12. 0-0-0 b5 13. d4 exd4 14. Bxd4 Qa5 15. e5 Ne8 16. a3 Qd8 17. Nb3 Nc7 18. h4 Qe7 19. Qf2 Ne6 20. h5 Nxd4 21. Nxd4 Rfc8 22. hxg6 hxg6 23. Bg4 Rc7 24. Qh2 Nf8 25. Qh3 Re8 26. Rd2 Ne6 27. Rdh2 Nf8 28. Bd1 Qd7 29. Bg4 Qe7 30. Qg2 f6 31. Nxc6 Rxc6 32. Qxd5+ Re6 33. exf6 Qxf6 34. Re2 Qf7 35. Bxe6 Rxe6 36. Rxe6 Qxe6 37. Qxe6+ Nxe6 38. Rd1 a6 39. Rd6 Nc5 40. Rxg6 Kf7 41. Rc6 Bf8 42. Kc2 a5 43. Rb6 a4 44. g4 Be7 45. g5 Kg7 46. Rxb5 Kg6 47. Kd2 Kf5 48. Ke3 Kg6 49. Kd4 Ne6+ 50. Ke3 Nxg5 51. fxg5 1-0

[Event "Voronezh op-B 13th"]
[Site "Voronezh"]
[Date "2009.06.14"]
[Round "3"]
[White "Mokshin, Sergey"]
[Black "Kuleshenko, Valeri"]
[Result "1-0"]
[WhiteElo "1706"]
[BlackElo "2036"]
[PlyCount "72"]
[EventDate "2009.06.12"]
[EventType "swiss"]
[EventRounds "9"]
[EventCountry "RUS"]
[SourceTitle "CBM 130 Extra"]
[Source "ChessBase"]
[SourceDate "2009.07.02"]
[SourceVersion "2"]
[SourceVersionDate "2009.07.15"]
[SourceQuality "1"]

1. e4 c5 2. Nf3 Nc6 3. d4 cxd4 4. Nxd4 Nf6 5. Nc3 e5 6. Ndb5 d6 7. a4 a6 8. Na3 Be7 9. Bg5 0-0 10. Bxf6 Bxf6 11. Nd5 Bg5 12. Bc4 Ne7 13. 0-0 Be6 14. Qd3 Bxd5 15. Bxd5 Qc7 16. Rad1 Rad8 17. Qc4 Qb6 18. Qa2 Qc5 19. Bxb7 Qb4 20. Qb3 Qxb3 21. cxb3 Rb8 22. Bxa6 Rxb3 23. Nc4 Rb4 24. Bb5 Nc8 25. Nxd6 Nxd6 26. Rxd6 Rxb2 27. Rd5 f6 28. Rfd1 Rb4 29. a5 Kf7 30. a6 Ra8 31. Ra1 Rxe4 32. h4 Bxh4 33. Rd7+ Ke6 34. a7 Rb4 35. Ra6+ Kf5 36. Bc6 Rxa7 1-0

[Event "Voronezh op-B 13th"]
[Site "Voronezh"]
[Date "2009.06.12"]
[Round "1"]
[White "Ioffe, Evgeny"]
[Black "Mokshin, Sergey"]
[Result "1/2-1/2"]
[WhiteElo "2079"]
[BlackElo "1706"]
[PlyCount "65"]
[EventDate "2009.06.12"]
[EventType "swiss"]
[EventRounds "9"]
[EventCountry "RUS"]
[SourceTitle "CBM 130 Extra"]
[Source "ChessBase"]
[SourceDate "2009.07.02"]
[SourceVersion "2"]
[SourceVersionDate "2009.07.15"]
[SourceQuality "1"]

1. e4 c5 2. Nf3 d6 3. d4 cxd4 4. Nxd4 Nf6 5. Nc3 g6 6. g3 Bg7 7. Bg2 0-0 8. 0-0 Bd7 9. b3 Nc6 10. Bb2 Rc8 11. Nce2 Nxd4 12. Bxd4 b6 13. c4 Bc6 14. Nc3 e5 15. Be3 Qe7 16. h3 Ne8 17. Qd2 Nc7 18. a4 Ne6 19. a5 Nd4 20. Qd1 Qb7 21. a6 Qb8 22. Ne2 Ne6 23. Nc3 Nd4 24. Rb1 b5 25. Ne2 Qb6 26. Re1 Rc7 27. Qd3 f5 28. Red1 bxc4 29. Qxc4+ Rff7 30. Nxd4 exd4 31. Bxd4 Bxd4 32. Qxd4 Qxd4 33. Rxd4 1/2-1/2